000 00477nam a2200181Ia 4500
001 15774
005 20260306170220.0
008 260306t2011||||xx |||||||||||||| ||und||
041 _aESP
082 _a620.0042
_bA179
100 _aArzola de la Peña, Nelson
_eAUT
245 0 _aMetodología de diseño para ingeniería:
_bcolección guías de clase
260 _c2011
300 _a468 páginas :
_c24 cm.
650 _aGEN
654 _aCII
942 _cLIB
_dJUS
_fJUS
_2ddc
_n
999 _c15774
_d15774